Zamestnávanie zdravotne postihnutých
Definícia zamestnanca so zdravotným postihnutím podľa Zákonníka práce. Špecifiká zamestnávania osôb so zdravotným postihnutím, ktoré vyplývajú zo zvýšenej ochrany týchto osôb v pracovnoprávnych vzťahoch. Chránená dielňa a chránené pracovisko.
Saved in:
| Main Author: | |
|---|---|
| Format: | Book Chapter |
| Language: | Slovak |
| Subjects: | |
| Tags: |
No Tags, Be the first to tag this record!
|
MARC
| LEADER | 00000naa a2200000 4500 | ||
|---|---|---|---|
| 001 | 0259108 | ||
| 005 | 20191022102944.8 | ||
| 041 | 0 | |a slo | |
| 044 | |a SK | ||
| 245 | 1 | 0 | |a Zamestnávanie zdravotne postihnutých |c Viera Šukalová |
| 520 | |a Definícia zamestnanca so zdravotným postihnutím podľa Zákonníka práce. Špecifiká zamestnávania osôb so zdravotným postihnutím, ktoré vyplývajú zo zvýšenej ochrany týchto osôb v pracovnoprávnych vzťahoch. Chránená dielňa a chránené pracovisko. | ||
| 610 | 2 | 0 | |a osoby zdravotne postihnuté |
| 610 | 2 | 0 | |a osoby so zníženou pracovnou schopnosťou |
| 610 | 2 | 0 | |a zamestnanci |
| 610 | 2 | 0 | |a zamestnávatelia |
| 610 | 2 | 0 | |a podmienky pracovné |
| 610 | 2 | 0 | |a dielne chránené |
| 610 | 2 | 0 | |a pracovisko chránené |
| 610 | 2 | 0 | |a vzťahy pracovnoprávne |
| 610 | 2 | 0 | |a legislatíva |
| 100 | 1 | |a Šukalová, Viera | |